00383nam a2200133Ia 4500008004100000020001500041041001200056100002000068245008200088260003900170300000800209650001600217700001600233221030s9999 xx 000 0 und d a9332549807 aEnglish aA. S. Tanenbaum 0aDistributed Systems : Principles & Paradigmscby A. S. Tanenbaum, M. V. Steen bPearson EducationaNew Delhic2016 a634 aBE Computer aM. V. Steen